| 000 | 00835nam a22002537a 4500 | ||
|---|---|---|---|
| 003 | DO-SdBNP | ||
| 005 | 20220606090511.0 | ||
| 007 | ta | ||
| 008 | 210419e2020 dr a|||er|||| 00| 0dspa d | ||
| 020 | _a9789945083934 | ||
| 040 |
_aDO-SdBNP _bspa _cBNPHU |
||
| 041 | _hspa | ||
| 082 | 4 |
_aBNPHU _bP195p _222 |
|
| 100 | 1 |
_aPaíno Perdomo, Omar, _d1972- _934212 |
|
| 245 | 1 | 0 |
_aPorus : _bhongos poriales de la República Dominicana / _cOmar Paíno Perdomo , ilustraciones Jean Lodge, Daniel Ortega |
| 260 |
_aSanto Domingo : _bSociedad Dominicana de Micología, _c2020. |
||
| 300 |
_a90 p. : _bil. ; _c22 cm. |
||
| 500 | _aIncluye datos biográficos de los autores en las solapas | ||
| 590 | _aInventariado, 2021/Mf | ||
| 700 | 1 |
_aLodge, Jean _928732 |
|
| 700 | 1 |
_aOrtega, Daniel, _eil. _975144 |
|
| 910 | _aMfeliz | ||
| 942 |
_2ddc _cLBS1 |
||
| 999 |
_c49755 _d49755 |
||